| 000 | 01453nam a2200373 i 4500 | ||
|---|---|---|---|
| 003 | CSPC | ||
| 005 | 20250820135545.0 | ||
| 008 | 250812s2021 maua b 000 0 eng d | ||
| 020 | _a9780128246108 | ||
| 040 |
_cCSPC _aCSPC _beng _erda |
||
| 050 | 0 | 0 |
_aQC173 _b.A2543 |
| 082 | 0 |
_a539.7 _bAd955 |
|
| 245 | 0 | 0 |
_aAdvances in atomic, molecular, and optical physics. Volume 70 / _cedited by Louis F. DiMauro, Hélène Perrin, and Susanne F. Yelin. |
| 250 | _aFirst edition. | ||
| 264 | 1 |
_aCambridge, Massachusetts : _bAcademic Press, an imprint of Elsevier, _c2021. |
|
| 300 |
_avii, 320 pages : _billustrations ; _c24 cm. |
||
| 336 |
_2rdacontent _atext |
||
| 337 |
_2rdamedia _aunmediated |
||
| 338 |
_2rdacarrier _avolume |
||
| 500 | _a"Volume seventy." | ||
| 504 | _aIncludes bibliographical references. | ||
| 505 | 0 | _aDynamic high-resolution optical trapping of ultracold atoms -- High-harmonic generation in solids -- Laser-cooled molecules -- Scattering theory with semiclassical asymptotes. | |
| 650 | 0 | _aNuclear physics. | |
| 650 | 0 | _aPhysical optics. | |
| 650 | 0 | _aMolecules. | |
| 650 | 0 | _aAtoms. | |
| 650 | 0 | _aIons. | |
| 650 | 0 | _aPhysics. | |
| 700 | 1 |
_aDiMauro, Louis F., _eeditor. |
|
| 700 | 1 |
_aPerrin, Hélène, _eeditor. |
|
| 700 | 1 |
_aYelin, Sussane F., _eeditor. |
|
| 942 |
_2ddc _n0 _cBK _h539.7 _iAd955 _kENG _m2021 |
||
| 999 |
_c29976 _d29976 |
||